Marketingové aktivity podporujúce ekonomický rast podniku bakalárska práca

Uložené v:
Podrobná bibliografia
Hlavný autor: Potocká, Katarína
Korporativný autor: Podnikovohospodárska fakulta EU so sídlom v Košiciach. Katedra marketingu a obchodu
Ďalší autori: Bačo, Tomáš, 1981-
Médium: Kniha
Jazyk:Slovak
Vydavateľské údaje: Košice 2013
Tagy: Pridať tag
Žiadne tagy, Buďte prvý, kto otaguje tento záznam!

MARC

LEADER 00000nbm a2200000 4500
001 0172193
005 20161109112034.3
041 0 |a slo 
044 |a SK 
245 1 0 |a Marketingové aktivity podporujúce ekonomický rast podniku  |b bakalárska práca  |c Katarína Potocká ; školiteľ: Tomáš Bačo 
264 1 |a Košice  |c 2013 
300 |a 47 s. 
100 1 |a Potocká, Katarína 
700 1 |a Bačo, Tomáš, 1981- 
710 2 |a Podnikovohospodárska fakulta EU so sídlom v Košiciach. Katedra marketingu a obchodu